<?xml version="1.0" encoding="UTF-8"?>
<record
    xmlns:xsi="http://www.w3.org/2001/XMLSchema-instance"
    xsi:schemaLocation="http://www.loc.gov/MARC21/slim http://www.loc.gov/standards/marcxml/schema/MARC21slim.xsd"
    xmlns="http://www.loc.gov/MARC21/slim">

  <leader>00859cam a22002417a 4500</leader>
  <controlfield tag="003">OSt</controlfield>
  <controlfield tag="005">20150708165705.0</controlfield>
  <controlfield tag="008">150414s2015    spco   |||   l000 0 cat|d</controlfield>
  <datafield tag="017" ind1=" " ind2=" ">
    <subfield code="a">DL B 27807-2015</subfield>
  </datafield>
  <datafield tag="020" ind1=" " ind2=" ">
    <subfield code="a">9788498506563 (Ajuntament de Barcelona)</subfield>
  </datafield>
  <datafield tag="020" ind1=" " ind2=" ">
    <subfield code="a">9788494247521 (Meteora)</subfield>
  </datafield>
  <datafield tag="040" ind1=" " ind2=" ">
    <subfield code="b">cat</subfield>
    <subfield code="c">CDMR</subfield>
  </datafield>
  <datafield tag="100" ind1="1" ind2=" ">
    <subfield code="a">Luj&#xE1;n, N&#xE8;stor</subfield>
    <subfield code="d">1922-1995</subfield>
    <subfield code="9">2974</subfield>
  </datafield>
  <datafield tag="245" ind1="1" ind2="3">
    <subfield code="a">La Barcelona dels tramvies i altres textos </subfield>
    <subfield code="c">N&#xE8;stor Luj&#xE1;n  </subfield>
  </datafield>
  <datafield tag="260" ind1=" " ind2=" ">
    <subfield code="a">Barcelona </subfield>
    <subfield code="b">Meteora :</subfield>
    <subfield code="b">Ajuntament de Barcelona</subfield>
    <subfield code="c">2015</subfield>
  </datafield>
  <datafield tag="300" ind1=" " ind2=" ">
    <subfield code="a">237 p. ;</subfield>
    <subfield code="c">22 cm</subfield>
  </datafield>
  <datafield tag="500" ind1=" " ind2=" ">
    <subfield code="a">A la portada: Selecci&#xF3; d'articles, dietari i apunts a Cura de Jordi Amat i Agust&#xED; Pons</subfield>
  </datafield>
  <datafield tag="600" ind1="1" ind2="0">
    <subfield code="a">Luj&#xE1;n, N&#xE8;stor</subfield>
    <subfield code="d">1922-1995</subfield>
    <subfield code="9">2974</subfield>
    <subfield code="v">Recull d'escrits</subfield>
  </datafield>
  <datafield tag="651" ind1=" " ind2="4">
    <subfield code="a">Barcelona (Catalunya)</subfield>
    <subfield code="x">Hist&#xF2;ria</subfield>
  </datafield>
  <datafield tag="700" ind1="1" ind2=" ">
    <subfield code="a">Amat, Jordi</subfield>
    <subfield code="d">1978-</subfield>
    <subfield code="9">4555</subfield>
  </datafield>
  <datafield tag="700" ind1="1" ind2=" ">
    <subfield code="a">Pons, Agust&#xED;</subfield>
    <subfield code="d">1947- </subfield>
    <subfield code="9">2195</subfield>
  </datafield>
  <datafield tag="942" ind1=" " ind2=" ">
    <subfield code="c">MON</subfield>
  </datafield>
  <datafield tag="999" ind1=" " ind2=" ">
    <subfield code="c">6875</subfield>
    <subfield code="d">6875</subfield>
  </datafield>
  <datafield tag="952" ind1=" " ind2=" ">
    <subfield code="0">0</subfield>
    <subfield code="1">0</subfield>
    <subfield code="4">0</subfield>
    <subfield code="7">0</subfield>
    <subfield code="a">CDMR</subfield>
    <subfield code="b">CDMR</subfield>
    <subfield code="d">2015-07-08</subfield>
    <subfield code="e">Donaci&#xF3;</subfield>
    <subfield code="g">20.50</subfield>
    <subfield code="l">7</subfield>
    <subfield code="m">4</subfield>
    <subfield code="o">Du 6/91</subfield>
    <subfield code="p">CDMR15070055</subfield>
    <subfield code="r">2021-05-04</subfield>
    <subfield code="s">2021-04-20</subfield>
    <subfield code="v">20.50</subfield>
    <subfield code="w">2015-07-08</subfield>
    <subfield code="y">MON</subfield>
  </datafield>
</record>
